000 00437nam a2200181Ia 4500
005 20240823041929.0
008 240823s9999||||xx |||||||||||||| ||und||
041 _aENGLISH
082 _A519 N3
100 _aVenkataraman M K
245 0 _aEngineering Mathematics Volume II
250 _a4th
260 _c1993
_bThe national Publi
500 _aTRANSFERED
650 _aMathematics
_bMathematics
942 _cBK
999 _c206671
_d206671